| 000 | 00991nam a2200289Ia 4500 | ||
|---|---|---|---|
| 001 | Para_642 | ||
| 003 | CHAP | ||
| 008 | 220125s1993 xx 000 0 und d | ||
| 010 | _a199402 | ||
| 040 | _cCHAP | ||
| 090 | _aPA TESIS 689 | ||
| 100 |
_aEstrada Blas, Carmelo Fidel _938359 |
||
| 245 |
_aControl químico de la maleza en el cultivo de cempoalxochit (Tagetes erecta L.) en invernadero y campo / _c por Fidel Carmenlo Estada Blas |
||
| 260 |
_aChapingo, Méx. : _b el autor |
||
| 300 | _a53 h. | ||
| 502 | _aTesis (Ing. Agr. Esp. en Parasitología Agrícola) -- UACh. Departamento Parasitología Agrícola | ||
| 650 |
_aCempazuchil _x malas hierbas _xcontrol _920950 |
||
| 650 |
_aMalas hierbas _x control _970011 |
||
| 710 |
_aUACh. Departamento Parasitología Agrícola _9164025 |
||
| 901 | _aPA TESIS 689 | ||
| 902 | _aA | ||
| 905 | _a0000001993 0000000000 00 | ||
| 910 | _a1993 | ||
| 942 | _cPARA | ||
| 942 |
_cPARA _d1 |
||
| 999 |
_c199402 _d199402 |
||